| 000 | 00459nam a2200193Ia 4500 | ||
|---|---|---|---|
| 005 | 20250603145319.0 | ||
| 008 | 250603s9999 xx 000 0 und d | ||
| 020 | _a9781138135758 | ||
| 050 | _aNA 1996 .T86/ | ||
| 100 | _aTunstall, Gavin | ||
| 245 | 0 | _aManaging the building design process | |
| 250 | _a2nd ed. | ||
| 260 | _aNew York | ||
| 260 | _bTaylor & Francis Group | ||
| 260 | _c2016 | ||
| 300 | _a367 p | ||
| 650 | _aNew York | ||
| 942 | _cBK | ||
| 999 |
_c41498 _d41498 |
||